Patient care in Community Practice : (Record no. 4645)

MARC details
000 -LEADER
fixed length control field 00618nam a22002177a 4500
003 - CONTROL NUMBER IDENTIFIER
control field OSt
005 - DATE AND TIME OF LATEST TRANSACTION
control field 20180329145501.0
008 - FIXED-LENGTH DATA ELEMENTS--GENERAL INFORMATION
fixed length control field 160705b xxu||||| |||| 00| 0 eng d
020 ## - INTERNATIONAL STANDARD BOOK NUMBER
International Standard Book Number 0853694508
040 ## - CATALOGING SOURCE
Transcribing agency 040a
082 ## - DEWEY DECIMAL CLASSIFICATION NUMBER
Classification number WA 100
Item number P278r 2003
100 ## - MAIN ENTRY--PERSONAL NAME
Personal name Harman, Robin J.
9 (RLIN) 9982
245 ## - TITLE STATEMENT
Title Patient care in Community Practice :
Remainder of title a handbook of non-medicinal health care
250 ## - EDITION STATEMENT
Edition statement 2nd.ed
260 ## - PUBLICATION, DISTRIBUTION, ETC. (IMPRINT)
Place of publication, distribution, etc. London;
Name of publisher, distributor, etc. Pharmaceutical press,
Date of publication, distribution, etc. 2003
300 ## - PHYSICAL DESCRIPTION
Extent xiv, 283p;
Other physical details ill :
Dimensions 14 cm.
504 ## - BIBLIOGRAPHY, ETC. NOTE
Bibliography, etc includes index
650 ## - SUBJECT ADDED ENTRY--TOPICAL TERM
Topical term or geographic name as entry element Patient care
9 (RLIN) 9981
650 ## - SUBJECT ADDED ENTRY--TOPICAL TERM
Topical term or geographic name as entry element Community health
9 (RLIN) 2112
942 ## - ADDED ENTRY ELEMENTS (KOHA)
Source of classification or shelving scheme Other/Generic Classification Scheme
Koha item type Open Shelf
Holdings
Withdrawn status Lost status Source of classification or shelving scheme Damaged status Not for loan Home library Current library Date acquired Source of acquisition Inventory number Total Checkouts Full call number Barcode Date last seen Koha item type
    Other/Generic Classification Scheme     MUST Main Library MUST Main Library 05/07/2016   05/23927   WA100 P278r 2003 2016-3017 05/07/2016 Open Shelf
    Other/Generic Classification Scheme     MUST Main Library MUST Main Library 19/07/2016   05/23926   WA100 P278r 2003 2016-3293 19/07/2016 Open Shelf